000 02286nab a2200265 a 4500
005 20260318095718.0
008 991125c2014 cr tr p o 000 0 spa d
035 _aUPN01000205218
040 _aMX-MxUPN
_bspa
_cMX-MxUPN
_eaacr2
049 _aART-E
100 1 _aRivera Alvarado, Laura Patricia
100 1 _ulaurariv.cr@gmail.com
245 1 0 _aAnálisis psicopedagógico del servicio de orientación vocacional de un colegio privado de la provincia de San José
506 0 _aAcceso abierto
520 3 _aEl presente artículo expone los resultados de una investigación cuantitativa, realizada en 2012, cuyo objetivo fue analizar, desde la perspectiva psicopedagógica, el servicio de orientación vocacional que recibe la población estudiantil de Bachillerato Nacional e Internacional de una institución de educación privada de la provincia de San José, Costa Rica. Para recopilar la información, se trabajó con el estudiantado que cursa el último año de ambas modalidades de bachillerato, a quienes se les aplicó un cuestionario, cuyas respuestas fueron sometidas a análisis estadísticos para obtener frecuencias y porcentajes sobre las características del servicio de orientación vocacional y para determinar la diferencia de los resultados, según el grupo de bachillerato. Los resultados evidenciaron las principales fortalezas y debilidades de este servicio. Asimismo, se determinó que este servicio satisface las necesidades de orientación vocacional de la población estudiantil de Bachillerato Internacional, pero no la de Bachillerato Nacional. Por último, a fin de mejorar dicho servicio en el centro educativo, se demostró que las personas profesionales de psicopedagogía cuentan con las competencias que les permiten contribuir junto con las orientadoras del centro educativo para brindar el servicio a la población estudiantil.
650 4 _aOrientación vocacional
_95
650 4 _aPsicopedagogía
_95085
650 7 _aEducación media superior
_92253
653 0 _aPsicopedagogos
773 _gVol. 14, no. 3 (2014), p. 1-32
_tActualidades investigativas en educación
_x1409-4703
856 4 _uhttps://dialnet.unirioja.es/servlet/articulo?codigo=5671417
902 _aGloria Jiménez/180326
905 _aArticulo
942 _cART-E
999 _c177319
_d177319